Thenkilaku Asia 1800-1966 (Record no. 195468)

MARC details
000 -LEADER
fixed length control field 00441nam a2200193Ia 4500
008 - FIXED-LENGTH DATA ELEMENTS--GENERAL INFORMATION
fixed length control field 240823s9999||||xx |||||||||||||| ||und||
082 ## - DEWEY DECIMAL CLASSIFICATION NUMBER
-- 959 P1
100 ## - MAIN ENTRY--PERSONAL NAME
Personal name Velayudham N A
245 #0 - TITLE STATEMENT
Title Thenkilaku Asia 1800-1966
250 ## - EDITION STATEMENT
Edition statement 3rd
260 ## - PUBLICATION, DISTRIBUTION, ETC. (IMPRINT)
Date of publication, distribution, etc 2001
Name of publisher, distributor, etc Palaniappa Bro
500 ## - GENERAL NOTE
General note YES
650 ## - SUBJECT ADDED ENTRY--TOPICAL TERM
Topical term or geographic name as entry element Tamil Books
700 ## - ADDED ENTRY--PERSONAL NAME
Personal name Ramalekshmi
942 ## - ADDED ENTRY ELEMENTS (KOHA)
Item type Books
Holdings
Withdrawn status Lost status Damaged status Permanent location Current location Date acquired Source of acquisition Cost, normal purchase price Full call number Barcode Date last seen Koha item type
      CENTRAL LIBRARY, NOORUL ISLAM CENTRE FOR HIGHER EDUCATION CENTRAL LIBRARY, NOORUL ISLAM CENTRE FOR HIGHER EDUCATION 04/01/2013 Higginbothams Private Ltd 40.00 959 P1 47184 08/23/2024 Books
Visitors:
Copyright © 2024 Central Library NICHE.  All rights reserved.